000 00502nam a22001697a 4500
003 OSt
082 _a631.587
_bNAV/SM
088 _aP 620
100 _aNavya Mariam Prasad
_96236
245 _aSmart pest detection for an agricultural field crop based on deep learning /
260 _aTavanur :
_bDepartment of Irrigation & Drainage Engineering
_c2024
700 _aFathima Hiba K
_96237
700 _aVishnupriya V
_96238
700 _aVaishnavi Ajayan V
_96239
700 _aAsha Joseph
942 _cPR
999 _c18097
_d18097